Data communciation and computer networks: a business user's approach. / (Record no. 1848)
[ view plain ]
| 000 -LEADER | |
|---|---|
| fixed length control field | 01083nam a22001937a 4500 |
| 008 - FIXED-LENGTH DATA ELEMENTS--GENERAL INFORMATION | |
| fixed length control field | 120726t xxu||||| |||| 00| 0 eng d |
| 020 ## - INTERNATIONAL STANDARD BOOK NUMBER | |
| International Standard Book Number | 9780324593853 |
| 050 ## - LIBRARY OF CONGRESS CALL NUMBER | |
| Classification number | TK5105.5.W58 |
| 100 ## - MAIN ENTRY--PERSONAL NAME | |
| Personal name | White, Curt M. |
| 245 ## - TITLE STATEMENT | |
| Title | Data communciation and computer networks: a business user's approach. / |
| Statement of responsibility, etc. | Curt M. White. |
| 250 ## - EDITION STATEMENT | |
| Edition statement | 5th ed. |
| 260 ## - PUBLICATION, DISTRIBUTION, ETC. | |
| Place of publication, distribution, etc. | Australia: |
| Name of publisher, distributor, etc. | Course Technology |
| Date of publication, distribution, etc. | 2009. |
| 300 ## - PHYSICAL DESCRIPTION | |
| Extent | xxi, 506 p.: |
| Other physical details | ill.; |
| Dimensions | 28cm. |
| 500 ## - GENERAL NOTE | |
| General note | Includes index. |
| 505 ## - FORMATTED CONTENTS NOTE | |
| Formatted contents note | Contents: Introduction to computer networks and data communcations -- Fundamentals of data and signals -- Conducted and wireless media -- Making connections efficient: multiplexing and compression -- Errors, error detection, and error control -- Local area networks: the basics -- Local area networks: software and support systems -- Introduction to metropolitan area networks and wide area networks -- The Internet -- Voice and data delivery networks -- Network design and management. |
| 650 ## - SUBJECT ADDED ENTRY--TOPICAL TERM | |
| Topical term or geographic name entry element | Data transmission systems. |
| 650 ## - SUBJECT ADDED ENTRY--TOPICAL TERM | |
| Topical term or geographic name entry element | Business enterprises |
| General subdivision | Computer networks. |
| 942 ## - ADDED ENTRY ELEMENTS (KOHA) | |
| Source of classification or shelving scheme | Library of Congress Classification |
| Koha item type | Books |
| Withdrawn status | Lost status | Source of classification or shelving scheme | Damaged status | Not for loan | Home library | Current library | Shelving location | Date acquired | Total Checkouts | Full call number | Barcode | Date last seen | Copy number | Price effective from | Koha item type |
|---|---|---|---|---|---|---|---|---|---|---|---|---|---|---|---|
| Library of Congress Classification | WISCONSIN INTERNATIONAL UNIVERSITY COLLEGE, GHANA - MAIN LIBRARY | WISCONSIN INTERNATIONAL UNIVERSITY COLLEGE, GHANA - MAIN LIBRARY | General Stacks | 26/07/2012 | TK5105.5.W58 | 5442/12 | 26/07/2012 | 1 | 26/07/2012 | Books | |||||
| Library of Congress Classification | WISCONSIN INTERNATIONAL UNIVERSITY COLLEGE, GHANA - MAIN LIBRARY | WISCONSIN INTERNATIONAL UNIVERSITY COLLEGE, GHANA - MAIN LIBRARY | General Stacks | 26/07/2012 | TK5105.5.W581 | 5443/12 | 26/07/2012 | 2 | 26/07/2012 | Books | |||||
| Library of Congress Classification | WISCONSIN INTERNATIONAL UNIVERSITY COLLEGE, GHANA - MAIN LIBRARY | WISCONSIN INTERNATIONAL UNIVERSITY COLLEGE, GHANA - MAIN LIBRARY | General Stacks | 26/07/2012 | TK5105.5.W582 | 5444/12 | 26/07/2012 | 3 | 26/07/2012 | Books |
